| 000 | 00914nam0a22002651 4500 | ||
|---|---|---|---|
| 001 | rc\2910873 | ||
| 005 | 20250806211323.0 | ||
| 035 | _a(NLR Aleph) 007061601 | ||
| 090 |
_a50153 _c50153 |
||
| 100 | _a20110807d1943 u y0rusy50 ca | ||
| 101 | 0 | _arus | |
| 102 | _aRU | ||
| 105 | _aa z ||||| | ||
| 200 | 1 |
_aАвтоматическая загрузка станков _fВ.В. Евсюков, И.Ф. Алексеев _gСССР Нар. ком. боеприпасов. Бюро техн. пропаганды |
|
| 210 |
_aМосква _cНКАП Оборонгиз _d1943 |
||
| 215 |
_a58, [1] с. _cил. _d21 см |
||
| 700 | 1 |
_aЕвсюков _bВ.В. |
|
| 701 | 1 |
_aАлексеев _bИ.Ф. |
|
| 801 | 0 |
_aRU _bNLR _gpsbo |
|
| 801 | 1 |
_aRU _bELAR _2rusmarc |
|
| 852 |
_aNLR _jТ36 Г-4/137 |
||
| 942 | _cBOOK | ||
| 945 | _aРоссийская национальная библиотека | ||
| 980 | _aNB | ||
| 980 | _aBV | ||